| 000 | 00836nam a22002417a 4500 | ||
|---|---|---|---|
| 999 |
_c19667 _d19667 |
||
| 003 | AR-CdUCM | ||
| 008 | 190520b ||||| |||| 00| 0 spa d | ||
| 040 |
_aMUNICIPALIDAD PROVINCIAL DEL CUSCO _cBIBLIOTECA MUNICIPAL DEL CUSCO |
||
| 041 | _heng | ||
| 082 |
_a372 / _bB97 |
||
| 100 |
_aBurton, William Henry _941148 |
||
| 245 | _aHacia un pensamiento eficaz / | ||
| 260 |
_aBuenos Aires : _bEds. Troquel, _c1965. |
||
| 300 |
_a630 páginas ; _c23 cm. |
||
| 505 | _aContenido: El pensamiento reflexivo -- El proceso del pensamiento -- El proceso de la enseñanza y la educación del pensamiento... | ||
| 650 |
_aPensamiento _9461 |
||
| 650 |
_aPsicopedagogía _9590 |
||
| 650 |
_aEducación _9460 |
||
| 700 |
_aKimball, Roland B. _941149 |
||
| 700 |
_aWing, Richard L. _941150 |
||
| 942 |
_2ddc _cLIBROS |
||
| 945 |
_adavv _d2019-05-20 |
||